Graphic design discourse : (Record no. 10406)

000 -LEADER
fixed length control field 01613cam a22002898i 4500
005 - DATE AND TIME OF LATEST TRANSACTION
control field 20220316173853.0
008 - FIXED-LENGTH DATA ELEMENTS--GENERAL INFORMATION
fixed length control field 170425s2017 nyu b 000 0 eng
010 ## - LIBRARY OF CONGRESS CONTROL NUMBER
LC control number 2017020104
020 ## - INTERNATIONAL STANDARD BOOK NUMBER
International Standard Book Number 9781616895587 (paperback)
020 ## - INTERNATIONAL STANDARD BOOK NUMBER
International Standard Book Number 9781616896393 (hardcover)
040 ## - CATALOGING SOURCE
Original cataloging agency DLC
Language of cataloging eng
Transcribing agency DLC
Description conventions rda
Modifying agency DLC
042 ## - AUTHENTICATION CODE
Authentication code pcc
082 00 - DEWEY DECIMAL CLASSIFICATION NUMBER
Classification number 302.2/22
Edition number 23
245 00 - TITLE STATEMENT
Title Graphic design discourse :
Remainder of title evolving theories, ideologies, and processes of visual communication /
Statement of responsibility, etc edited by Henry Hongmin Kim ; foreword by Steff Geissbühler.
250 ## - EDITION STATEMENT
Edition statement First edition.
263 ## - PROJECTED PUBLICATION DATE
Projected publication date 1111
300 ## - PHYSICAL DESCRIPTION
Extent pages cm
504 ## - BIBLIOGRAPHY, ETC. NOTE
Bibliography, etc Includes bibliographical references.
520 ## - SUMMARY, ETC.
Summary, etc "Since its inception, the field of graphic design--whose primary aim is visual communication--has struggled between two contradictory poles: design resulting from a rigorous, fixed set of rules, and design that expresses the hand of the artist. But what if designers focused on process and critical analysis over visual outcome? Through a carefully selected collection of more than seventy-five seminal texts spanning centuries and bridging the disciplines of art, architecture, design history, philosophy, and cultural theory, this illuminating anthology establishes a new paradigm for graphic design methodologies for the twenty-first century"--
650 #0 - SUBJECT ADDED ENTRY--TOPICAL TERM
Topical term or geographic name as entry element Visual communication
General subdivision Methodology.
650 #0 - SUBJECT ADDED ENTRY--TOPICAL TERM
Topical term or geographic name as entry element Graphic arts
General subdivision Methodology.
650 #7 - SUBJECT ADDED ENTRY--TOPICAL TERM
Topical term or geographic name as entry element DESIGN / General.
Source of heading or term bisacsh
650 #7 - SUBJECT ADDED ENTRY--TOPICAL TERM
Topical term or geographic name as entry element DESIGN / Graphic Arts / General.
Source of heading or term bisacsh
650 #7 - SUBJECT ADDED ENTRY--TOPICAL TERM
Topical term or geographic name as entry element DESIGN / Essays.
Source of heading or term bisacsh
700 1# - ADDED ENTRY--PERSONAL NAME
Personal name Kim, Henry Hongmin,
Relator term editor.
942 ## - ADDED ENTRY ELEMENTS (KOHA)
Source of classification or shelving scheme

No items available.

Copyright © 2025, The Librarian, Library and Information Centre, BMSCA D&P, Bengaluru. All Rights Reserved
web counter

Powered by Koha